Nature-based tourism in peripheral areas : development or disaster?

Αποθηκεύτηκε σε:
Λεπτομέρειες βιβλιογραφικής εγγραφής
Άλλοι συγγραφείς: Hall, Colin Michael 1961- (Επιμελητής έκδοσης), Boyd, Stephen W. (Επιμελητής έκδοσης)
Μορφή: Βιβλίο
Γλώσσα:English
Δημοσίευση: Clevedon; Buffalo : Channel View Publications, c2005
Σειρά:Aspects of tourism ; ; 21
Θέματα:
Ετικέτες: Προσθήκη ετικέτας
Δεν υπάρχουν, Καταχωρήστε ετικέτα πρώτοι!

MARC

LEADER 00000nam a2200000 i 4500
001 1/56273
008 070927s2005 eng d
020 |a 1-84541-000-9 (pbk.) 
035 |l 10091095 
040 |a GR-MY-UA  |b gre  |e aacr 
041 0 |a eng 
082 0 |a 338.4791  |2 (22) 
245 1 0 |a Nature-based tourism in peripheral areas :  |b development or disaster? /  |c edited by C. Michael Hall and Stephen Boyd 
260 |a Clevedon; Buffalo :   |b Channel View Publications,   |c c2005 
300 |a x, 281 σ.;  |b εικ., χάρτες;  |c 24 εκ. 
490 1 |a Aspects of tourism  |v ; 21 
504 |a Περιλαμβάνει βιβλιογραφικές αναφορές και ευρετήριο 
650 0 0 |a Ecotourism. 
700 1 |a Hall, Colin Michael  |d 1961-  |4 edt 
700 1 |a Boyd, Stephen W.  |4 edt 
830 0 |a Aspects of tourism ;  |v ; 21 
852 |a INST  |b LESVOS  |e 20070927  |h 338.4791 NAT  |p 005100039034  |q 005100039034  |t BK  |y 0 
901 |a BIBL1-2007-3 
909 |a Λ  |b 138277 
922 |a 1ΕΛΗ  |b 200707  |c ΕΠΕΑΕΚ2/ΤΠ  |d ΠΑΠΑΣΩΤΗΡΙΟΥ 
970 |a ΒΑΡΚΑ  |b ΕΛΕΥΘΕΡΙΑ  |z 2007/09/27